L’Amérique qui vient, Christophe Deroubaix, Paris, Les Éditions de l’Atelier, 2016, 157 p. (notice n° 1631338)

détails MARC
000 -LEADER
fixed length control field 02260cam a2200169 4500500
005 - DATE AND TIME OF LATEST TRANSACTION
control field 20260111105020.0
041 ## - LANGUAGE CODE
Language code of text/sound track or separate title fre
042 ## - AUTHENTICATION CODE
Authentication code dc
100 10 - MAIN ENTRY--PERSONAL NAME
Personal name Smith, Bradley
Relator term author
245 00 - TITLE STATEMENT
Title L’Amérique qui vient, Christophe Deroubaix, Paris, Les Éditions de l’Atelier, 2016, 157 p.
260 ## - PUBLICATION, DISTRIBUTION, ETC.
Date of publication, distribution, etc. 2018.<br/>
500 ## - GENERAL NOTE
General note 61
520 ## - SUMMARY, ETC.
Summary, etc. Il y a 20 ans naissait le Project for the New American Century, think tank néoconservateur controversé dont l’objectif principal fut la promotion du leadership américain dans le monde. Fondé en 1997, le PNAC joua ainsi un rôle important dans la diffusion des idées néoconservatrices « dernière génération », que l’on considère généralement comme responsables de la politique étrangère menée par George W. Bush et plus particulièrement, des interventions militaires menées en Afghanistan et en Irak. Le PNAC est dissous en 2006 dans un contexte de crise globale pour le néoconservatisme américain. La trajectoire de son remplaçant, le Foreign Policy Initiative (2009-2017), ne fait finalement que confirmer la perte d’audience plus générale de ce courant de pensée. Ainsi, le PNAC semble pleinement incarner le « moment néoconservateur » post-Guerre froide.
520 ## - SUMMARY, ETC.
Summary, etc. Twenty years ago the Project for the New American Century, a controversial neoconservative think tank whose main objective was the promotion of American leadership in the world, was born. Founded in 1997, the PNAC played an important role in disseminating the “latest generation” neoconservative ideas, which are generally considered to be responsible for the foreign policy pursued by George W. Bush, particularly military interventions in Afghanistan and Iraq. The PNAC is dissolved in 2006, in a context of overall crisis for American neoconservatism. The trajectory of his successor, the Foreign Policy Initiative (2009-2017), only confirms the more general declining audience of this school of thought. In this way, the PNAC seems to fully embody the post-Cold War “neoconservative moment”.
786 0# - DATA SOURCE ENTRY
Note Politique américaine | 31 | 2 | 2018-10-29 | p. 199a-206a | 1771-8848
856 41 - ELECTRONIC LOCATION AND ACCESS
Uniform Resource Identifier <a href="https://shs.cairn.info/revue-politique-americaine-2018-2-page-199a?lang=fr&redirect-ssocas=7080">https://shs.cairn.info/revue-politique-americaine-2018-2-page-199a?lang=fr&redirect-ssocas=7080</a>

Pas d'exemplaire disponible.

PLUDOC

PLUDOC est la plateforme unique et centralisée de gestion des bibliothèques physiques et numériques de Guinée administré par le CEDUST. Elle est la plus grande base de données de ressources documentaires pour les Étudiants, Enseignants chercheurs et Chercheurs de Guinée.

Adresse

627 919 101/664 919 101

25 boulevard du commerce
Kaloum, Conakry, Guinée

Réseaux sociaux

Powered by Netsen Group @ 2025